[Event "April 9 Early 2024"]
[Site "Chess.com"]
[Date "2024.04.09"]
[Round "1"]
[White "Hernandez Jimenez, Jeronimo"]
[Black "Dubnevych, Maksym"]
[Result "0-1"]
[Board "135"]
[WhiteFideId "4452372"]
[BlackFideId "14184001"]
[WhiteTitle "FM"]
[BlackTitle "FM"]
[WhiteElo "2426"]
[BlackElo "2752"]
[WhiteTeam "COL"]
[BlackTeam "UKR"]
[WhiteClock "0:01:23"]
[BlackClock "0:02:09"]
[Variant "Standard"]

1. c4 {[%clk 0:03:00]}  e5 {[%clk 0:02:59]} 2. Nc3 {[%clk 0:03:00]}  Nf6 {[%clk 0:02:59]} 3. Nf3 {[%clk 0:03:00]}  e4 {[%clk 0:03:00]} 4. Ng5 {[%clk 0:03:00]}  c6 {[%clk 0:03:01]} 5. d3 {[%clk 0:02:54]}  exd3 {[%clk 0:03:00]} 6. Qxd3 {[%clk 0:02:51]}  d5 {[%clk 0:03:01]} 7. cxd5 {[%clk 0:02:51]}  cxd5 {[%clk 0:03:02]} 8. e3 {[%clk 0:02:51]}  Be7 {[%clk 0:03:02]} 9. Be2 {[%clk 0:02:51]}  O-O {[%clk 0:03:02]} 10. O-O {[%clk 0:02:51]}  Nc6 {[%clk 0:03:03]} 11. b3 {[%clk 0:02:46]}  h6 {[%clk 0:03:02]} 12. Nf3 {[%clk 0:02:46]}  Be6 {[%clk 0:03:02]} 13. Bb2 {[%clk 0:02:45]}  Rc8 {[%clk 0:03:02]} 14. a3 {[%clk 0:02:45]}  a6 {[%clk 0:03:00]} 15. Rfd1 {[%clk 0:02:43]}  Qb6 {[%clk 0:03:00]} 16. Na4 {[%clk 0:02:42]}  Qa7 {[%clk 0:02:59]} 17. b4 {[%clk 0:02:41]}  Ne4 {[%clk 0:02:49]} 18. Rac1 {[%clk 0:02:33]}  Rfd8 {[%clk 0:02:47]} 19. Nd4 {[%clk 0:02:32]}  Ne5 {[%clk 0:02:31]} 20. Qb1 {[%clk 0:02:23]}  b5 {[%clk 0:02:28]} 21. Nxe6 {[%clk 0:02:13]}  fxe6 {[%clk 0:02:29]} 22. Bxe5 {[%clk 0:02:07]}  bxa4 {[%clk 0:02:29]} 23. Rxc8 {[%clk 0:01:56]}  Rxc8 {[%clk 0:02:30]} 24. Rc1 {[%clk 0:01:56]}  Qb7 {[%clk 0:02:21]} 25. Bd3 {[%clk 0:01:51]}  Nd2 {[%clk 0:02:10]} 26. Rxc8+ {[%clk 0:01:39]}  Qxc8 {[%clk 0:02:11]} 27. Qc2 {[%clk 0:01:40]}  Qxc2 {[%clk 0:02:09]} 28. Bxc2 {[%clk 0:01:40]}  Nc4 {[%clk 0:02:09]} 29. Bxa4 {[%clk 0:01:23]}  Nxe5 {[%clk 0:02:09]} 0-1

[Event "April 9 Early 2024"]
[Site "Chess.com"]
[Date "2024.04.09"]
[Round "1"]
[White "Efimenko, Zahar"]
[Black "Marn, Jan"]
[Result "1-0"]
[Board "138"]
[WhiteFideId "14107201"]
[BlackFideId "14619245"]
[WhiteTitle "GM"]
[BlackTitle "FM"]
[WhiteElo "2744"]
[BlackElo "2424"]
[WhiteTeam "UKR"]
[BlackTeam "SLO"]
[WhiteClock "0:01:11"]
[BlackClock "0:00:20"]
[Variant "Standard"]

1. e4 {[%clk 0:03:00]}  e5 {[%clk 0:03:00]} 2. Nf3 {[%clk 0:03:00]}  Nc6 {[%clk 0:03:00]} 3. Bb5 {[%clk 0:02:59]}  a6 {[%clk 0:02:59]} 4. Ba4 {[%clk 0:02:59]}  d6 {[%clk 0:02:51]} 5. O-O {[%clk 0:02:55]}  Bd7 {[%clk 0:02:51]} 6. c4 {[%clk 0:02:52]}  Nge7 {[%clk 0:02:41]} 7. Nc3 {[%clk 0:02:49]}  Ng6 {[%clk 0:02:41]} 8. d4 {[%clk 0:02:48]}  Be7 {[%clk 0:02:42]} 9. Be3 {[%clk 0:02:43]}  h6 {[%clk 0:02:40]} 10. dxe5 {[%clk 0:02:34]}  Ncxe5 {[%clk 0:02:38]} 11. Nxe5 {[%clk 0:02:30]}  Nxe5 {[%clk 0:02:38]} 12. Bxd7+ {[%clk 0:02:21]}  Qxd7 {[%clk 0:02:39]} 13. Qe2 {[%clk 0:02:17]}  O-O {[%clk 0:02:13]} 14. Rad1 {[%clk 0:02:16]}  Qc6 {[%clk 0:02:03]} 15. b3 {[%clk 0:02:13]}  Rfe8 {[%clk 0:02:03]} 16. Nd5 {[%clk 0:02:04]}  Bf8 {[%clk 0:01:53]} 17. Bd4 {[%clk 0:02:03]}  Ng6 {[%clk 0:01:45]} 18. f4 {[%clk 0:01:55]}  Kh7 {[%clk 0:01:37]} 19. f5 {[%clk 0:01:45]}  Ne5 {[%clk 0:01:37]} 20. Qh5 {[%clk 0:01:44]}  f6 {[%clk 0:01:30]} 21. Rfe1 {[%clk 0:01:29]}  Qd7 {[%clk 0:01:03]} 22. Re3 {[%clk 0:01:28]}  b5 {[%clk 0:00:45]} 23. Rg3 {[%clk 0:01:19]}  bxc4 {[%clk 0:00:20]} 24. Bxe5 {[%clk 0:01:11]} 1-0

[Event "April 9 Early 2024"]
[Site "Chess.com"]
[Date "2024.04.09"]
[Round "1"]
[White "Kuznecova, Marija"]
[Black "Prestia, Paris"]
[Result "1-0"]
[Board "139"]
[WhiteFideId "11618736"]
[BlackFideId "30925959"]
[WhiteTitle "WCM"]
[WhiteElo "2422"]
[BlackElo "2743"]
[WhiteTeam "LAT"]
[BlackTeam "USA"]
[WhiteClock "0:00:04"]
[BlackClock "0:00:00"]
[Variant "Standard"]

1. e4 {[%clk 0:03:00]}  d6 {[%clk 0:02:58]} 2. d4 {[%clk 0:02:59]}  e5 {[%clk 0:02:59]} 3. Ne2 {[%clk 0:02:58]}  Nd7 {[%clk 0:02:58]} 4. c3 {[%clk 0:02:57]}  Ngf6 {[%clk 0:02:59]} 5. f3 {[%clk 0:02:57]}  c6 {[%clk 0:02:58]} 6. Be3 {[%clk 0:02:57]}  Qc7 {[%clk 0:02:57]} 7. Nd2 {[%clk 0:02:56]}  a5 {[%clk 0:02:57]} 8. a4 {[%clk 0:02:55]}  Be7 {[%clk 0:02:57]} 9. Ng3 {[%clk 0:02:55]}  O-O {[%clk 0:02:57]} 10. Nf5 {[%clk 0:02:51]}  Re8 {[%clk 0:02:58]} 11. Nc4 {[%clk 0:02:49]}  Bf8 {[%clk 0:02:57]} 12. Bd3 {[%clk 0:02:28]}  exd4 {[%clk 0:02:57]} 13. cxd4 {[%clk 0:02:21]}  d5 {[%clk 0:02:57]} 14. Nd2 {[%clk 0:02:19]}  dxe4 {[%clk 0:01:56]} 15. fxe4 {[%clk 0:02:20]}  Nc5 {[%clk 0:01:53]} 16. dxc5 {[%clk 0:01:42]}  Bxf5 {[%clk 0:01:52]} 17. O-O {[%clk 0:01:39]}  Bxe4 {[%clk 0:01:08]} 18. Nxe4 {[%clk 0:01:18]}  Nxe4 {[%clk 0:01:09]} 19. Qf3 {[%clk 0:01:18]}  Nf6 {[%clk 0:01:05]} 20. Bd4 {[%clk 0:01:17]}  Re6 {[%clk 0:00:51]} 21. Bf5 {[%clk 0:01:09]}  Rae8 {[%clk 0:00:44]} 22. Bxe6 {[%clk 0:01:02]}  Rxe6 {[%clk 0:00:45]} 23. Rae1 {[%clk 0:01:01]}  Qd8 {[%clk 0:00:43]} 24. Qf4 {[%clk 0:00:33]}  Qd5 {[%clk 0:00:17]} 25. Rxe6 {[%clk 0:00:27]}  Qxe6 {[%clk 0:00:18]} 26. Kh1 {[%clk 0:00:21]}  Nd5 {[%clk 0:00:15]} 27. Qf2 {[%clk 0:00:17]}  f6 {[%clk 0:00:14]} 28. Re1 {[%clk 0:00:17]}  Qd7 {[%clk 0:00:15]} 29. Qe2 {[%clk 0:00:16]}  Be7 {[%clk 0:00:09]} 30. h3 {[%clk 0:00:13]}  g6 {[%clk 0:00:09]} 31. Qe4 {[%clk 0:00:12]}  Kf7 {[%clk 0:00:10]} 32. Rf1 {[%clk 0:00:12]}  f5 {[%clk 0:00:09]} 33. Qc2 {[%clk 0:00:10]}  Nb4 {[%clk 0:00:07]} 34. Qc4+ {[%clk 0:00:10]}  Nd5 {[%clk 0:00:05]} 35. Qe2 {[%clk 0:00:09]}  Bg5 {[%clk 0:00:04]} 36. Qf3 {[%clk 0:00:05]}  h5 {[%clk 0:00:03]} 37. b3 {[%clk 0:00:05]}  Be7 {[%clk 0:00:02]} 38. Qf2 {[%clk 0:00:04]}  Qe6 {[%clk 0:00:03]} 39. Bb2 {[%clk 0:00:04]}  Qe4 {[%clk 0:00:03]} 40. Re1 {[%clk 0:00:04]}  Qd3 {[%clk 0:00:04]} 41. Qe2 {[%clk 0:00:03]}  Qxb3 {[%clk 0:00:04]} 42. Ba1 {[%clk 0:00:03]}  Qxa4 {[%clk 0:00:03]} 43. Qe5 {[%clk 0:00:03]}  Ke8 {[%clk 0:00:03]} 44. Qb8+ {[%clk 0:00:02]}  Kd7 {[%clk 0:00:04]} 45. Qxb7+ {[%clk 0:00:03]}  Ke8 {[%clk 0:00:04]} 46. Qc8+ {[%clk 0:00:03]}  Kf7 {[%clk 0:00:05]} 47. Qe6+ {[%clk 0:00:04]}  Ke8 {[%clk 0:00:00]} 48. Bf6 {[%clk 0:00:04]} 1-0

[Event "April 9 Early 2024"]
[Site "Chess.com"]
[Date "2024.04.09"]
[Round "1"]
[White "Koellner, Ruben Gideon"]
[Black "Postnikov, Artem"]
[Result "1-0"]
[Board "142"]
[WhiteFideId "12993093"]
[BlackFideId "34153575"]
[WhiteTitle "IM"]
[BlackTitle "FM"]
[WhiteElo "2737"]
[BlackElo "2416"]
[WhiteTeam "GER"]
[BlackTeam "RUS"]
[WhiteClock "0:01:38"]
[BlackClock "0:00:25"]
[Variant "Standard"]

1. d4 {[%clk 0:02:59]}  Nf6 {[%clk 0:02:58]} 2. Nf3 {[%clk 0:02:51]}  c5 {[%clk 0:02:58]} 3. e3 {[%clk 0:02:46]}  d6 {[%clk 0:02:58]} 4. Nbd2 {[%clk 0:02:34]}  Nc6 {[%clk 0:02:23]} 5. c3 {[%clk 0:02:32]}  a6 {[%clk 0:02:19]} 6. Bd3 {[%clk 0:02:31]}  b5 {[%clk 0:02:19]} 7. O-O {[%clk 0:02:31]}  c4 {[%clk 0:02:19]} 8. Bc2 {[%clk 0:02:31]}  d5 {[%clk 0:02:17]} 9. e4 {[%clk 0:02:31]}  e6 {[%clk 0:02:14]} 10. e5 {[%clk 0:02:30]}  Nd7 {[%clk 0:02:05]} 11. Re1 {[%clk 0:02:31]}  g6 {[%clk 0:02:04]} 12. Nf1 {[%clk 0:02:30]}  Bg7 {[%clk 0:02:03]} 13. h4 {[%clk 0:02:29]}  O-O {[%clk 0:02:02]} 14. N1h2 {[%clk 0:02:28]}  f5 {[%clk 0:01:57]} 15. exf6 {[%clk 0:02:26]}  Nxf6 {[%clk 0:01:57]} 16. Bg5 {[%clk 0:02:25]}  Qd6 {[%clk 0:01:54]} 17. Ne5 {[%clk 0:02:24]}  Nd7 {[%clk 0:01:43]} 18. f4 {[%clk 0:02:20]}  Ndxe5 {[%clk 0:01:39]} 19. fxe5 {[%clk 0:02:19]}  Qd7 {[%clk 0:01:33]} 20. Ng4 {[%clk 0:02:18]}  Bb7 {[%clk 0:01:28]} 21. Nf6+ {[%clk 0:02:11]}  Bxf6 {[%clk 0:01:27]} 22. Bxf6 {[%clk 0:01:59]}  Ne7 {[%clk 0:01:26]} 23. Qg4 {[%clk 0:01:52]}  Nf5 {[%clk 0:01:24]} 24. h5 {[%clk 0:01:48]}  Qf7 {[%clk 0:01:04]} 25. Qg5 {[%clk 0:01:46]}  Rac8 {[%clk 0:00:53]} 26. g4 {[%clk 0:01:46]}  Ng3 {[%clk 0:00:45]} 27. hxg6 {[%clk 0:01:40]}  hxg6 {[%clk 0:00:25]} 28. Bxg6 {[%clk 0:01:38]} 1-0

[Event "April 9 Early 2024"]
[Site "Chess.com"]
[Date "2024.04.09"]
[Round "1"]
[White "Sherman, Raem"]
[Black "Azizoglu, Ferzan"]
[Result "0-1"]
[Board "144"]
[WhiteFideId "2822288"]
[BlackFideId "6302726"]
[WhiteTitle "FM"]
[WhiteElo "2731"]
[BlackElo "2413"]
[WhiteTeam "ISR"]
[BlackTeam "TUR"]
[WhiteClock "0:00:50"]
[BlackClock "0:00:08"]
[Variant "Standard"]

1. e4 {[%clk 0:02:59]}  c6 {[%clk 0:02:57]} 2. d4 {[%clk 0:02:59]}  d5 {[%clk 0:02:58]} 3. Nd2 {[%clk 0:02:58]}  dxe4 {[%clk 0:02:58]} 4. Nxe4 {[%clk 0:02:58]}  Nf6 {[%clk 0:02:59]} 5. Qf3 {[%clk 0:02:57]}  Nxe4 {[%clk 0:02:56]} 6. Qxe4 {[%clk 0:02:58]}  Qa5+ {[%clk 0:02:56]} 7. Bd2 {[%clk 0:02:56]}  Qf5 {[%clk 0:02:57]} 8. Bd3 {[%clk 0:02:55]}  Qxe4+ {[%clk 0:02:57]} 9. Bxe4 {[%clk 0:02:56]}  Nd7 {[%clk 0:02:57]} 10. Nf3 {[%clk 0:02:55]}  Nf6 {[%clk 0:02:57]} 11. Bd3 {[%clk 0:02:55]}  Bg4 {[%clk 0:02:56]} 12. O-O-O {[%clk 0:02:54]}  e6 {[%clk 0:02:55]} 13. h3 {[%clk 0:02:31]}  Bxf3 {[%clk 0:02:08]} 14. gxf3 {[%clk 0:02:31]}  Be7 {[%clk 0:02:02]} 15. Rhg1 {[%clk 0:02:31]}  g6 {[%clk 0:01:59]} 16. c4 {[%clk 0:02:21]}  O-O-O {[%clk 0:01:41]} 17. Be3 {[%clk 0:02:19]}  Nh5 {[%clk 0:01:38]} 18. d5 {[%clk 0:02:15]}  cxd5 {[%clk 0:01:36]} 19. cxd5 {[%clk 0:02:13]}  Rxd5 {[%clk 0:01:32]} 20. Be4 {[%clk 0:02:12]}  Rxd1+ {[%clk 0:01:31]} 21. Rxd1 {[%clk 0:02:13]}  Nf6 {[%clk 0:01:22]} 22. Bxa7 {[%clk 0:02:10]}  Nxe4 {[%clk 0:01:05]} 23. fxe4 {[%clk 0:02:10]}  Rd8 {[%clk 0:01:05]} 24. Rxd8+ {[%clk 0:02:10]}  Bxd8 {[%clk 0:01:06]} 25. Be3 {[%clk 0:02:09]}  Kd7 {[%clk 0:01:06]} 26. Kc2 {[%clk 0:02:06]}  f5 {[%clk 0:01:06]} 27. exf5 {[%clk 0:02:05]}  exf5 {[%clk 0:01:05]} 28. Kd3 {[%clk 0:02:05]}  Ke6 {[%clk 0:01:05]} 29. Kc4 {[%clk 0:02:02]}  g5 {[%clk 0:01:03]} 30. f3 {[%clk 0:01:59]}  h5 {[%clk 0:00:54]} 31. b4 {[%clk 0:01:57]}  g4 {[%clk 0:00:32]} 32. hxg4 {[%clk 0:01:53]}  fxg4 {[%clk 0:00:33]} 33. fxg4 {[%clk 0:01:50]}  hxg4 {[%clk 0:00:34]} 34. a4 {[%clk 0:01:46]}  Kf5 {[%clk 0:00:33]} 35. Kb5 {[%clk 0:01:45]}  Ke4 {[%clk 0:00:33]} 36. Bg1 {[%clk 0:01:40]}  g3 {[%clk 0:00:30]} 37. a5 {[%clk 0:01:40]}  g2 {[%clk 0:00:18]} 38. Ka4 {[%clk 0:01:33]}  Kd3 {[%clk 0:00:16]} 39. b5 {[%clk 0:01:29]}  Bc7 {[%clk 0:00:14]} 40. a6 {[%clk 0:01:23]}  bxa6 {[%clk 0:00:14]} 41. bxa6 {[%clk 0:01:22]}  Bb8 {[%clk 0:00:15]} 42. Kb5 {[%clk 0:01:22]}  Ke2 {[%clk 0:00:15]} 43. Kb6 {[%clk 0:01:20]}  Kf1 {[%clk 0:00:14]} 44. Bc5 {[%clk 0:01:18]}  Bd6 {[%clk 0:00:09]} 45. Bd4 {[%clk 0:01:16]}  Be5 {[%clk 0:00:07]} 46. Bc5 {[%clk 0:01:09]}  Bd6 {[%clk 0:00:07]} 47. Bxd6 {[%clk 0:01:03]}  g1=Q+ {[%clk 0:00:07]} 48. Kb7 {[%clk 0:01:03]}  Qg2+ {[%clk 0:00:06]} 49. Kb6 {[%clk 0:01:02]}  Qb2+ {[%clk 0:00:06]} 50. Kc7 {[%clk 0:01:01]}  Qc3+ {[%clk 0:00:06]} 51. Kb7 {[%clk 0:01:00]}  Qf3+ {[%clk 0:00:05]} 52. Kb6 {[%clk 0:01:00]}  Qb3+ {[%clk 0:00:04]} 53. Kc6 {[%clk 0:00:56]}  Qc4+ {[%clk 0:00:04]} 54. Kb6 {[%clk 0:00:53]}  Qd5 {[%clk 0:00:04]} 55. Bc5 {[%clk 0:00:51]}  Qb3+ {[%clk 0:00:04]} 56. Kc6 {[%clk 0:00:50]}  Qa4+ {[%clk 0:00:03]} 57. Kb6 {[%clk 0:00:51]}  Qb3+ {[%clk 0:00:04]} 58. Kc6 {[%clk 0:00:51]}  Qa4+ {[%clk 0:00:02]} 59. Kb7 {[%clk 0:00:52]}  Qb3+ {[%clk 0:00:03]} 60. Bb6 {[%clk 0:00:52]}  Qd5+ {[%clk 0:00:03]} 61. Kc7 {[%clk 0:00:51]}  Qe5+ {[%clk 0:00:03]} 62. Kc8 {[%clk 0:00:50]}  Qd5 {[%clk 0:00:03]} 63. a7 {[%clk 0:00:49]}  Qa8+ {[%clk 0:00:03]} 64. Kc7 {[%clk 0:00:50]}  Ke2 {[%clk 0:00:03]} 65. Bc5 {[%clk 0:00:50]}  Kd3 {[%clk 0:00:04]} 66. Bb6 {[%clk 0:00:50]}  Kc4 {[%clk 0:00:05]} 67. Bg1 {[%clk 0:00:50]}  Kb5 {[%clk 0:00:06]} 68. Bf2 {[%clk 0:00:49]}  Ka6 {[%clk 0:00:07]} 69. Be3 {[%clk 0:00:49]}  Qb7+ {[%clk 0:00:07]} 70. Kd8 {[%clk 0:00:49]}  Qa8+ {[%clk 0:00:08]} 71. Kc7 {[%clk 0:00:50]}  Qb7+ {[%clk 0:00:07]} 72. Kd8 {[%clk 0:00:50]}  Kb5 {[%clk 0:00:08]} 73. Bf2 {[%clk 0:00:50]}  Kc6 {[%clk 0:00:08]} 74. Bg1 {[%clk 0:00:50]}  Qd7# {[%clk 0:00:08]} 0-1

[Event "April 9 Early 2024"]
[Site "Chess.com"]
[Date "2024.04.09"]
[Round "1"]
[White "Kleibel, Uwe"]
[Black "Nigalidze, Gaioz"]
[Result "1-0"]
[Board "145"]
[WhiteFideId "1270982"]
[BlackFideId "13603078"]
[WhiteTitle "FM"]
[BlackTitle "IM"]
[WhiteElo "2412"]
[BlackElo "2730"]
[WhiteTeam "GER"]
[BlackTeam "GEO"]
[WhiteClock "0:01:18"]
[BlackClock "0:00:05"]
[Variant "Standard"]

1. e4 {[%clk 0:02:56]}  c5 {[%clk 0:02:59]} 2. Nf3 {[%clk 0:02:55]}  d6 {[%clk 0:03:00]} 3. d4 {[%clk 0:02:54]}  cxd4 {[%clk 0:03:00]} 4. Qxd4 {[%clk 0:02:55]}  a6 {[%clk 0:02:59]} 5. Be2 {[%clk 0:02:54]}  Nc6 {[%clk 0:02:59]} 6. Qe3 {[%clk 0:02:54]}  g6 {[%clk 0:02:59]} 7. h3 {[%clk 0:02:53]}  Bg7 {[%clk 0:02:45]} 8. O-O {[%clk 0:02:53]}  Nf6 {[%clk 0:02:45]} 9. Rd1 {[%clk 0:02:53]}  O-O {[%clk 0:02:42]} 10. c4 {[%clk 0:02:53]}  Nd7 {[%clk 0:02:38]} 11. Nc3 {[%clk 0:02:52]}  b6 {[%clk 0:02:34]} 12. b3 {[%clk 0:02:51]}  Bb7 {[%clk 0:02:33]} 13. Bb2 {[%clk 0:02:50]}  Rb8 {[%clk 0:02:29]} 14. Rac1 {[%clk 0:02:50]}  Ba8 {[%clk 0:02:29]} 15. Ba1 {[%clk 0:02:43]}  Nde5 {[%clk 0:02:25]} 16. Nd5 {[%clk 0:02:33]}  Nxf3+ {[%clk 0:02:22]} 17. Bxf3 {[%clk 0:02:33]}  Bxa1 {[%clk 0:02:07]} 18. Rxa1 {[%clk 0:02:34]}  Ne5 {[%clk 0:02:05]} 19. Be2 {[%clk 0:02:31]}  Bxd5 {[%clk 0:01:47]} 20. cxd5 {[%clk 0:02:32]}  b5 {[%clk 0:01:47]} 21. f4 {[%clk 0:02:29]}  Nd7 {[%clk 0:01:47]} 22. b4 {[%clk 0:02:29]}  Qb6 {[%clk 0:01:42]} 23. Kf2 {[%clk 0:02:28]}  Rfc8 {[%clk 0:01:39]} 24. Rac1 {[%clk 0:02:28]}  Qxe3+ {[%clk 0:01:31]} 25. Kxe3 {[%clk 0:02:28]}  Nb6 {[%clk 0:01:32]} 26. Kd4 {[%clk 0:02:20]}  h5 {[%clk 0:01:29]} 27. Rc6 {[%clk 0:02:02]}  Rxc6 {[%clk 0:01:20]} 28. dxc6 {[%clk 0:02:03]}  Rc8 {[%clk 0:01:12]} 29. Rc1 {[%clk 0:02:03]}  Rc7 {[%clk 0:00:57]} 30. e5 {[%clk 0:01:56]}  Kf8 {[%clk 0:00:43]} 31. exd6 {[%clk 0:01:50]}  exd6 {[%clk 0:00:42]} 32. f5 {[%clk 0:01:47]}  Kg7 {[%clk 0:00:17]} 33. fxg6 {[%clk 0:01:43]}  fxg6 {[%clk 0:00:18]} 34. Bf3 {[%clk 0:01:41]}  Kf6 {[%clk 0:00:17]} 35. Re1 {[%clk 0:01:40]}  Kf7 {[%clk 0:00:14]} 36. Bd5+ {[%clk 0:01:40]}  Kf8 {[%clk 0:00:10]} 37. Re6 {[%clk 0:01:38]}  Nc8 {[%clk 0:00:07]} 38. Rxg6 {[%clk 0:01:37]}  Ne7 {[%clk 0:00:07]} 39. Rxd6 {[%clk 0:01:20]}  Nf5+ {[%clk 0:00:07]} 40. Ke5 {[%clk 0:01:20]}  Nxd6 {[%clk 0:00:05]} 41. Kxd6 {[%clk 0:01:18]}  Rc8 {[%clk 0:00:05]} 1-0

[Event "April 9 Early 2024"]
[Site "Chess.com"]
[Date "2024.04.09"]
[Round "1"]
[White "Delorme, Axel"]
[Black "Panesar Vedant"]
[Result "0-1"]
[Board "147"]
[WhiteFideId "632023"]
[BlackFideId "35033018"]
[WhiteTitle "GM"]
[BlackTitle "FM"]
[WhiteElo "2410"]
[BlackElo "2726"]
[WhiteTeam "FRA"]
[BlackTeam "IND"]
[WhiteClock "0:00:47"]
[BlackClock "0:01:32"]
[Variant "Standard"]

1. e4 {[%clk 0:02:59]}  e5 {[%clk 0:02:56]} 2. Nf3 {[%clk 0:03:00]}  Nc6 {[%clk 0:02:56]} 3. Bb5 {[%clk 0:03:00]}  a6 {[%clk 0:02:56]} 4. Ba4 {[%clk 0:02:59]}  Nge7 {[%clk 0:02:55]} 5. d4 {[%clk 0:02:58]}  exd4 {[%clk 0:02:53]} 6. Nxd4 {[%clk 0:02:59]}  Nxd4 {[%clk 0:02:53]} 7. Qxd4 {[%clk 0:03:00]}  Nc6 {[%clk 0:02:54]} 8. Qd1 {[%clk 0:02:56]}  Bc5 {[%clk 0:02:53]} 9. Nc3 {[%clk 0:02:56]}  O-O {[%clk 0:02:52]} 10. O-O {[%clk 0:02:56]}  d6 {[%clk 0:02:53]} 11. Re1 {[%clk 0:02:52]}  Qh4 {[%clk 0:02:49]} 12. Be3 {[%clk 0:02:52]}  Bxe3 {[%clk 0:02:42]} 13. Rxe3 {[%clk 0:02:53]}  Be6 {[%clk 0:02:43]} 14. Bb3 {[%clk 0:02:41]}  Rfe8 {[%clk 0:02:42]} 15. Nd5 {[%clk 0:02:39]}  Bxd5 {[%clk 0:02:42]} 16. Bxd5 {[%clk 0:02:40]}  Re7 {[%clk 0:02:35]} 17. c3 {[%clk 0:02:19]}  Rae8 {[%clk 0:02:29]} 18. Qb3 {[%clk 0:02:18]}  Ne5 {[%clk 0:01:56]} 19. Rh3 {[%clk 0:01:45]}  Qf4 {[%clk 0:01:50]} 20. Re1 {[%clk 0:01:25]}  b5 {[%clk 0:01:43]} 21. a4 {[%clk 0:01:17]}  c6 {[%clk 0:01:40]} 22. Qd1 {[%clk 0:00:53]}  cxd5 {[%clk 0:01:39]} 23. Qxd5 {[%clk 0:00:54]}  bxa4 {[%clk 0:01:36]} 24. g3 {[%clk 0:00:54]}  Nf3+ {[%clk 0:01:35]} 25. Kh1 {[%clk 0:00:47]}  Qg4 {[%clk 0:01:32]} 0-1

[Event "April 9 Early 2024"]
[Site "Chess.com"]
[Date "2024.04.09"]
[Round "1"]
[White "Skaric, Djuro"]
[Black "Bachmann, Axel"]
[Result "0-1"]
[Board "151"]
[WhiteFideId "934569"]
[BlackFideId "3700488"]
[WhiteTitle "FM"]
[BlackTitle "GM"]
[WhiteElo "2407"]
[BlackElo "2723"]
[WhiteTeam "SRB"]
[BlackTeam "PAR"]
[WhiteClock "0:01:30"]
[BlackClock "0:00:27"]
[Variant "Standard"]

1. g3 {[%clk 0:03:00]}  Nf6 {[%clk 0:02:30]} 2. Bg2 {[%clk 0:02:58]}  d5 {[%clk 0:02:30]} 3. d3 {[%clk 0:02:57]}  e6 {[%clk 0:02:30]} 4. Nf3 {[%clk 0:02:55]}  Be7 {[%clk 0:02:30]} 5. O-O {[%clk 0:02:56]}  O-O {[%clk 0:02:31]} 6. Nc3 {[%clk 0:02:56]}  b6 {[%clk 0:02:31]} 7. h3 {[%clk 0:02:56]}  Bb7 {[%clk 0:02:31]} 8. e4 {[%clk 0:02:57]}  dxe4 {[%clk 0:02:30]} 9. Nd2 {[%clk 0:02:56]}  c5 {[%clk 0:02:28]} 10. Ndxe4 {[%clk 0:02:56]}  Nc6 {[%clk 0:02:28]} 11. f4 {[%clk 0:02:55]}  Qd7 {[%clk 0:02:27]} 12. Be3 {[%clk 0:02:54]}  Nd4 {[%clk 0:02:21]} 13. g4 {[%clk 0:02:53]}  Rfd8 {[%clk 0:02:10]} 14. a4 {[%clk 0:02:50]}  Rac8 {[%clk 0:02:06]} 15. g5 {[%clk 0:02:43]}  Nd5 {[%clk 0:01:40]} 16. Nxd5 {[%clk 0:02:43]}  Bxd5 {[%clk 0:01:41]} 17. Rf2 {[%clk 0:02:41]}  Nf5 {[%clk 0:01:39]} 18. Bd2 {[%clk 0:02:38]}  c4 {[%clk 0:01:38]} 19. Bc3 {[%clk 0:02:37]}  cxd3 {[%clk 0:01:26]} 20. cxd3 {[%clk 0:02:33]}  Bxe4 {[%clk 0:01:08]} 21. Bxe4 {[%clk 0:02:32]}  Bc5 {[%clk 0:01:09]} 22. Qf3 {[%clk 0:02:28]}  Bxf2+ {[%clk 0:01:04]} 23. Qxf2 {[%clk 0:02:27]}  Qd6 {[%clk 0:00:56]} 24. Kg2 {[%clk 0:02:21]}  Qc5 {[%clk 0:00:50]} 25. Kf3 {[%clk 0:02:17]}  Qxf2+ {[%clk 0:00:49]} 26. Kxf2 {[%clk 0:02:17]}  Nd4 {[%clk 0:00:48]} 27. h4 {[%clk 0:02:08]}  Nb3 {[%clk 0:00:48]} 28. Rg1 {[%clk 0:02:06]}  Nc5 {[%clk 0:00:48]} 29. Ke3 {[%clk 0:02:06]}  Nxa4 {[%clk 0:00:46]} 30. Be5 {[%clk 0:02:04]}  Nc5 {[%clk 0:00:43]} 31. h5 {[%clk 0:02:01]}  Nxe4 {[%clk 0:00:43]} 32. Kxe4 {[%clk 0:02:01]}  Rc2 {[%clk 0:00:41]} 33. g6 {[%clk 0:01:45]}  hxg6 {[%clk 0:00:34]} 34. hxg6 {[%clk 0:01:45]}  f6 {[%clk 0:00:35]} 35. Bc3 {[%clk 0:01:44]}  Re2+ {[%clk 0:00:30]} 36. Kf3 {[%clk 0:01:44]}  Rh2 {[%clk 0:00:31]} 37. Ra1 {[%clk 0:01:43]}  Rxd3+ {[%clk 0:00:30]} 38. Ke4 {[%clk 0:01:42]}  Rhh3 {[%clk 0:00:25]} 39. f5 {[%clk 0:01:38]}  Rhe3+ {[%clk 0:00:26]} 40. Kf4 {[%clk 0:01:38]}  e5+ {[%clk 0:00:27]} 41. Kg4 {[%clk 0:01:30]}  Re4+ {[%clk 0:00:27]} 0-1

[Event "April 9 Early 2024"]
[Site "Chess.com"]
[Date "2024.04.10"]
[Round "1"]
[White "Bynum, Jacorey"]
[Black "Piesik, Piotr"]
[Result "0-1"]
[Board "153"]
[WhiteFideId "39927644"]
[BlackFideId "1136194"]
[BlackTitle "IM"]
[WhiteElo "2405"]
[BlackElo "2719"]
[WhiteTeam "USA"]
[BlackTeam "CZE"]
[WhiteClock "0:00:00"]
[BlackClock "0:00:49"]
[Variant "Standard"]

1. e4 {[%clk 0:03:00]}  g6 {[%clk 0:02:20]} 2. d4 {[%clk 0:03:00]}  Bg7 {[%clk 0:02:20]} 3. Nc3 {[%clk 0:02:59]}  c6 {[%clk 0:02:21]} 4. f4 {[%clk 0:02:58]}  d5 {[%clk 0:02:21]} 5. e5 {[%clk 0:02:55]}  Nh6 {[%clk 0:02:21]} 6. Be3 {[%clk 0:02:48]}  Ng4 {[%clk 0:02:18]} 7. Bd2 {[%clk 0:02:34]}  h5 {[%clk 0:02:18]} 8. Nf3 {[%clk 0:02:27]}  Nh6 {[%clk 0:02:13]} 9. Be3 {[%clk 0:02:25]}  Bg4 {[%clk 0:02:13]} 10. Bd3 {[%clk 0:02:12]}  Nf5 {[%clk 0:02:13]} 11. Bf2 {[%clk 0:02:09]}  e6 {[%clk 0:02:10]} 12. Bxf5 {[%clk 0:01:56]}  gxf5 {[%clk 0:02:10]} 13. h3 {[%clk 0:01:28]}  Bxf3 {[%clk 0:02:10]} 14. Qxf3 {[%clk 0:01:29]}  h4 {[%clk 0:02:10]} 15. O-O {[%clk 0:01:19]}  Bf8 {[%clk 0:02:10]} 16. Kh1 {[%clk 0:01:18]}  Nd7 {[%clk 0:02:06]} 17. Rfd1 {[%clk 0:01:11]}  b5 {[%clk 0:02:03]} 18. a3 {[%clk 0:01:11]}  a5 {[%clk 0:02:02]} 19. Qd3 {[%clk 0:01:08]}  a4 {[%clk 0:01:50]} 20. Ne2 {[%clk 0:01:06]}  Nb6 {[%clk 0:01:48]} 21. b3 {[%clk 0:01:04]}  axb3 {[%clk 0:01:48]} 22. cxb3 {[%clk 0:01:05]}  Bxa3 {[%clk 0:01:43]} 23. Qc3 {[%clk 0:00:55]}  Qc8 {[%clk 0:01:33]} 24. b4 {[%clk 0:00:53]}  Nc4 {[%clk 0:01:32]} 25. Rdb1 {[%clk 0:00:49]}  Bb2 {[%clk 0:01:25]} 26. Rxa8 {[%clk 0:00:29]}  Qxa8 {[%clk 0:01:26]} 27. Rxb2 {[%clk 0:00:27]}  Qa1+ {[%clk 0:01:26]} 28. Rb1 {[%clk 0:00:14]}  Qxb1+ {[%clk 0:01:25]} 29. Kh2 {[%clk 0:00:15]}  Kd7 {[%clk 0:01:22]} 30. Nc1 {[%clk 0:00:12]}  Qb2 {[%clk 0:01:19]} 31. Qe1 {[%clk 0:00:11]}  Qd2 {[%clk 0:01:16]} 32. Qg1 {[%clk 0:00:09]}  Qxf4+ {[%clk 0:01:13]} 33. Kh1 {[%clk 0:00:09]}  Ra8 {[%clk 0:01:09]} 34. Nd3 {[%clk 0:00:09]}  Qd2 {[%clk 0:01:02]} 35. Nc5+ {[%clk 0:00:09]}  Kc7 {[%clk 0:01:01]} 36. Bxh4 {[%clk 0:00:08]}  Qc3 {[%clk 0:00:55]} 37. Kh2 {[%clk 0:00:07]}  Ra2 {[%clk 0:00:53]} 38. Be7 {[%clk 0:00:06]}  Ne3 {[%clk 0:00:52]} 39. Bd6+ {[%clk 0:00:06]}  Kc8 {[%clk 0:00:51]} 40. Kh1 {[%clk 0:00:05]}  Ra1 {[%clk 0:00:50]} 41. Qxa1 {[%clk 0:00:02]}  Qxa1+ {[%clk 0:00:51]} 42. Kh2 {[%clk 0:00:00]}  Qf1 {[%clk 0:00:49]} 0-1